000 00525nam a2200217Ia 4500
003 OSt
005 20220928141044.0
006 a|||||r|||| 00| 0
007 ta
008 220927b |||||||| |||| 00| 0 eng d
024 _a13256
037 _cTextual
040 _aSDCL
_cSDCL
_beng
041 _2eng
_aeng
082 _aO-,6M95x, J2;2
100 _aLeavish F S
_9498787
245 0 _aCommon pursuit.
260 _c1952
942 _hO-,6M95x, J2;2
_cTEXL
_2CC
999 _c815665
_d815665